Countries that were in the 1962 FIFA World Cup - Statistics

General Stats
  • This quiz has been taken 38 times
    36 since last reset
  • The average score is 16 of 16
Answer Stats
Picture Answer % Correct
Argentina
100%
Brazil
100%
Bulgaria
100%
Chile
100%
England
100%
Italy
100%
Mexico
100%
Spain
100%
Switzerland
100%
Uruguay
100%
West Germany
100%
Colombia
97%
Hungary
97%
Soviet Union
97%
Czechoslovakia
93%
Yugoslavia
93%
No matching quizzes found
Score Distribution
Percent of People with Each Score
Percentile by Number Answered
Your Score History
You have not taken this quiz since the last reset